| 000 | 00575nam a22001457a 4500 | ||
|---|---|---|---|
| 020 | _a0746003323 | ||
| 082 |
_a823 _bLEI/H |
||
| 100 | _aLEIGH, SUSANNAH | ||
| 245 |
_aTHE HAUNTED TOWER _bUS BORNE PUZZLE ADVENTURES |
||
| 260 |
_aLONDON _bUSBORNE PUBLISHIN LTD _c1989 |
||
| 300 | _a48 | ||
| 520 | _aThe Haunted Tower is a ghostly tale of mystery and suspense which takes Charlie, Nic and Ali to Spectre's Isle and a spooky tower. Here, their search for a legendary ghost leads them into a perilous plot and a quest for phantom treasure. | ||
| 650 | _aSHORT STORY | ||
| 942 | _cBK | ||
| 999 |
_c6099 _d6099 |
||